|
|
|
|
| LEADER |
00000nkmaa2200000 a 4500 |
| 001 |
vtls010636050 |
| 003 |
SK-MaSNL |
| 005 |
20260425230211.0 |
| 007 |
kh bo |
| 008 |
230802q1903 xo ||00 k|slo |
| 035 |
|
|
|a 2DDB1B70-64E0-4E02-97BB-D5C89D27A311
|
| 035 |
|
|
|a urn:nbn:sk:snk-kmxwh7
|
| 035 |
|
|
|a urn:nbn:sk:snk-km002bpv
|
| 040 |
|
|
|a SNKLA
|b slo
|c SNKLA
|e AACR2
|
| 041 |
0 |
|
|a slo
|
| 044 |
|
|
|a xo
|c SK
|
| 245 |
0 |
0 |
|a Turčiansky-Sv.-Martin
|h [grafika]
|b Dom. Matica slovenská
|
| 260 |
|
|
|a Turčiansky-Sv.-Martin
|b P. Socháň
|c [1903?]
|
| 300 |
|
|
|a 1 pohľadnica
|b čiernobiela
|c 9x14 cm
|
| 520 |
8 |
|
|a Zobrazenie: 2 čiastkové pohľady
|
| 610 |
2 |
7 |
|a Slovenské komorné divadlo
|2 SNKKA
|9 232246
|
| 651 |
|
7 |
|a Martin (Slovensko)
|2 SNKPH
|9 16875
|
| 651 |
|
7 |
|a Slovensko
|2 SNKPH
|9 14231
|
| 655 |
|
7 |
|a miestne pohľadnice
|2 SNKPH
|9 70510
|
| 852 |
|
|
|a Slovenská národná knižnica
|b Literárny archív
|
| 958 |
|
|
|a GC
|
| 958 |
|
|
|a BLA
|
| 999 |
|
|
|c 669255
|d 671185
|
| 952 |
|
|
|a SNKLA
|b SNKLA
|c SNKLA_DEP
|y NEVYP
|7 0
|p 17A1006663
|o snkPM 15/548
|i snkLA 157/1956
|0 0
|1 0
|4 0
|d 2014-11-14
|f 1
|l 0
|r 2026-02-23 19:21:45
|w 2026-02-23
|